| 000 | 00667nam a22001937a 4500 | ||
|---|---|---|---|
| 005 | 20100816151432.0 | ||
| 010 | _aENG-100621 | ||
| 020 |
_a9789380521039 _c15.00 |
||
| 035 | _aEN-84154 | ||
| 037 | _bDBAD/PUB | ||
| 082 | _a280 | ||
| 100 |
_aMinocher Engineer _914085 |
||
| 245 |
_aThe creed : _bthe melody of divine love / _cby Minocher Engineer |
||
| 260 |
_aIndore _bSatprakashan Sanchar Kendra _c2010 |
||
| 270 |
_a10 Khandwa Road, Bhanwarkua Police Station _bIndore _e452001 |
||
| 300 |
_a60p. _c22cm (pbk) |
||
| 942 |
_2ddc _cEN _h280 _mMIN |
||
| 999 |
_c42186 _d42186 |
||